000 00934nmc a2200349 a 4500
003 AR-BaBNM
005 20251128204548.0
008 265019s1992 ||||||||||||||000 | spa||
020 _a84-7731-132-3
040 _cAR-BaBNM
245 1 0 _aLos mitos del turismo
260 _aMadrid
_bEdiciones Endymion
_c1992
300 0 _a403 p.
_bgráfs., tablas
490 0 _aTurismo y sociedad
504 _aBibliografía al final de cada capítulo
600 _aGarrido Torres, Carlos
600 1 4 _aKelly, John
600 1 4 _aLison Arcal, José C.
600 1 4 _aErisman, H. Michael
600 1 4 _aVries, Pieter J. De
600 1 4 _aVera Rebollo, Fernando
600 1 4 _aBritton, Stephen G.
600 1 4 _aCrick, Malcolm
650 4 _aTURISMO
650 4 _aZONAS TURISTICAS
651 4 _aEspaña
651 4 _aCaribe
651 4 _aHawai
700 1 _aJurdao Arrones, Francisco
_ecompilador
942 _cBK
998 _cMarce
999 _c7936
_d7936